A first course in abstract algebra : with applications /

Guardado en:
Autor Principal: Rotman, Joseph J., 1934-
Formato: Libro
Idioma:English
Publicado: Upper Saddle River, N.J. : Pearson Prentice Hall, c2006.
Edición:3rd ed.
Materias:
Etiquetas: Agregar Etiqueta
Sin Etiquetas, Sea el primero en etiquetar este registro!
LEADER 00978cam a2200265 a 4500
001 MAT.inmabb006882
008 050818s2006####njua#####b####001#0#eng##
005 20180502182209.0
245 1 2 |a A first course in abstract algebra :  |b with applications /  |c Joseph J. Rotman. 
250 |a 3rd ed. 
260 |a Upper Saddle River, N.J. :  |b Pearson Prentice Hall,  |c c2006. 
300 |a xvii, 581 p. :  |b il. ;  |c 24 cm. 
504 |a Incluye referencias bibliográficas e índice. 
505 0 |a 1. Number theory -- 2. Groups I -- 3. Commutative rings I -- 4. Linear algebra -- 5. Fields -- 6. Groups II -- 7. Commutative rings II. 
510 4 |a MR,  |c 98f:00003 
020 |a 0131862677 
100 1 |a Rotman, Joseph J.,  |d 1934- 
650 0 |a Algebra, Abstract. 
650 0 |a Number theory. 
650 0 |a Commutative rings. 
650 0 |a Group rings. 
084 |a 00A05 (13-01 20-01)  |2 msc2000 
010 |a  2005053492 
040 |a DLC  |c DLC  |d DLC 
859 |h 00A05A  |i R848  |p A-8958  |b BIB. MATEMATICA